| 000 | 01148 a2200217 4500 | ||
|---|---|---|---|
| 001 | 26413 | ||
| 005 | 20260407155544.0 | ||
| 008 | 260407a1980 arg spa d | ||
| 003 | AR-UNSa-BCEJYS | ||
| 040 |
_aAR-UNSa-BCEJYS _bspa _cAR-UNSa-BCEJYS |
||
| 080 |
_a657.23 _xCompensaciones. Correcciones. Ajustes (devaluación monetaria) |
||
| 245 | 1 | 0 | _aManual de ajustes por inflación de los estados contables |
| 250 | _a2a. ed | ||
| 264 | 1 |
_aBuenos Aires : _bCangallo _c1980 |
|
| 300 |
_a530 p. _c23 cm. |
||
| 505 | _a1. La inflación y us efectos - 2. Antecedentes - 3. Análisis interpretativo del ajuste integral - 4. Legislación vigente - 5. Pronunciamiento técnicos - 6. Casos practicos de ajustes - 7. Desarrollo de un caso completo de ajuste - 9. El resultado por exposición a la inflación - 10. El ajuste impositivo por inflación - 11. Normas complementarias. | ||
| 942 | _cBK | ||
| 590 | _aniveau_biblio:m niveau_hierar:0 | ||
| 100 | 1 | _aWainstein, Mario | |
| 856 | 4 | 1 |
_uhttps://biblioeco.unsa.edu.ar/pmb/images/libros/Manual de ajustes por inflaci?n de los estados contables Wainstein, Mario (1980) 2.jpg _yImagen de portada _qimage/jpeg |
| 999 |
_c1462 _d1462 |
||